| 000 | 00450nam a22001697a 4500 | ||
|---|---|---|---|
| 005 | 20240821092553.0 | ||
| 008 | 240821b |||||||| |||| 00| 0 eng d | ||
| 082 |
_a612 _bWAL-T |
||
| 100 | _aWallis T.E. | ||
| 245 |
_aTextbook of Pharmacognosy / _cWallis T.E. |
||
| 250 | _a5th ed. | ||
| 260 |
_aIndia: _bjaypee Bro. _c2005 |
||
| 300 |
_axi,652p. _bill; _c24 cm. |
||
| 500 | _ainclude index . | ||
| 650 | _aPharmacy / Pharmacognosy | ||
| 999 |
_c36431 _d36431 |
||